Eastern Utah Libraries Catalog: Duchesne, Heber, Roosevelt, & Vernal

Native American animal stories / (Record no. 377006)

MARC details
000 -LEADER
fixed length control field 01524cam a2200361 a 4500
001 - CONTROL NUMBER
control field 3925741
005 - DATE AND TIME OF LATEST TRANSACTION
control field 20220907142837.0
008 - FIXED-LENGTH DATA ELEMENTS--GENERAL INFORMATION
fixed length control field 920305s1992 coua b 000 0 eng
010 ## - LIBRARY OF CONGRESS CONTROL NUMBER
LC control number 92053040
020 ## - INTERNATIONAL STANDARD BOOK NUMBER
International Standard Book Number 1555911277 :
Terms of availability $11.95
040 ## - CATALOGING SOURCE
Original cataloging agency DLC
Transcribing agency DLC
Modifying agency DLC
Description conventions rda
043 ## - GEOGRAPHIC AREA CODE
Geographic area code n------
050 00 - LIBRARY OF CONGRESS CALL NUMBER
Classification number E98.F6
Item number B895 1992
082 00 - DEWEY DECIMAL CLASSIFICATION NUMBER
Classification number 398.2/08997
Edition number 20
092 ## - LOCALLY ASSIGNED DEWEY CALL NUMBER (OCLC)
Classification number general nonfiction
Item number 398.2 Bruchac
100 1# - MAIN ENTRY--PERSONAL NAME
Personal name Bruchac, Joseph,
Dates associated with a name 1942-
9 (RLIN) 7172
245 10 - TITLE STATEMENT
Title Native American animal stories /
Statement of responsibility, etc told by Joseph Bruchac ; foreword by Vine Deloria, Jr. ; illustrations by John Kahionhes Fadden and David Kanietakeron Fadden.
260 ## - PUBLICATION, DISTRIBUTION, ETC. (IMPRINT)
Place of publication, distribution, etc Golden, Colo. :
Name of publisher, distributor, etc Fulcrum Pub.,
Date of publication, distribution, etc c1992.
264 ## - Production, Publication, Distribution, Manufacture, and Copyright Notice.
Place of production, publication, distribution, manufacture Golden, Colorado;
Name of producer, publisher, distributor, manufacturer Fulcrum Publishing,
Date of production, publication, distribution, manufacture, or copyr 1992
300 ## - PHYSICAL DESCRIPTION
Extent xvi, 135 p. :
Other physical details ill. ;
Dimensions 26 cm.
500 ## - GENERAL NOTE
General note "From Keepers of the animals / Michael J. Caduto and Joseph Bruchac."
504 ## - BIBLIOGRAPHY, ETC. NOTE
Bibliography, etc Includes bibliographical references (p. 133-135).
650 #0 - SUBJECT ADDED ENTRY--TOPICAL TERM
Topical term or geographic name as entry element Indians of North America
General subdivision Folklore.
9 (RLIN) 6454502
650 #0 - SUBJECT ADDED ENTRY--TOPICAL TERM
Topical term or geographic name as entry element Animals
General subdivision Folklore.
9 (RLIN) 6454503
700 1# - ADDED ENTRY--PERSONAL NAME
Personal name Caduto, Michael J.
Title of a work Keepers of the animals.
9 (RLIN) 6454504
856 42 - ELECTRONIC LOCATION AND ACCESS
Materials specified Contributor biographical information
Uniform Resource Identifier <a href="http://www.loc.gov/catdir/enhancements/fy1006/92053040-b.html">http://www.loc.gov/catdir/enhancements/fy1006/92053040-b.html</a>
856 42 - ELECTRONIC LOCATION AND ACCESS
Materials specified Publisher description
Uniform Resource Identifier <a href="http://www.loc.gov/catdir/enhancements/fy1106/92053040-d.html">http://www.loc.gov/catdir/enhancements/fy1106/92053040-d.html</a>
856 41 - ELECTRONIC LOCATION AND ACCESS
Materials specified Sample text
Uniform Resource Identifier <a href="http://www.loc.gov/catdir/enhancements/fy1106/92053040-s.html">http://www.loc.gov/catdir/enhancements/fy1106/92053040-s.html</a>
942 ## - ADDED ENTRY ELEMENTS (KOHA)
Source of classification or shelving scheme Dewey Decimal Classification
Koha item type BOOK
Holdings
Withdrawn status Lost status Source of classification or shelving scheme Damaged status Not for loan Collection code Home library Current library Shelving location Date acquired Source of acquisition Total Checkouts Total Renewals Full call number Barcode Date last seen Date checked out Cost, replacement price Price effective from Koha item type
    Dewey Decimal Classification     General NonFiction Wasatch County Library Wasatch County Library Second Floor 09/07/2022 Donation 6 6 398.2 Bruchac 34301001862608 03/03/2026 04/23/2025 12.99 09/07/2022 BOOK
This project was made possible through a grant from the Institute of Museum and Library Service administered by the Utah State Library Division.

Wasatch County Library

  • 465 East 1200 South, Heber City, Utah 84032
  • Phone 435-654-1511 | Fax 435-654-6456

Hours

  • Monday - Friday 9:30 AM - 8:00 PM
  • Saturday 9:30 AM - 1:30 PM
  • Closed Sundays and Holidays